Plant-fungal pathogen interaction : A classical and molecular view (Record no. 41920)

MARC details
000 -LEADER
fixed length control field 00439nam a2200157Ia 4500
020 ## - INTERNATIONAL STANDARD BOOK NUMBER
ISBN 354066727X
082 ## - DEWEY DECIMAL CLASSIFICATION NUMBER
Classification number 581.2
Item number PRE
100 ## - MAIN ENTRY--AUTHOR NAME
Personal name Day, Peter R
245 #0 - TITLE STATEMENT
Title Plant-fungal pathogen interaction : A classical and molecular view
260 ## - PUBLICATION, DISTRIBUTION, ETC. (IMPRINT)
Place of publication Berlin
Name of publisher Springer-Verlag
Year of publication 2001
650 ## - SUBJECT ADDED ENTRY--TOPICAL TERM
Topical Term Pathotoxins
650 ## - SUBJECT ADDED ENTRY--TOPICAL TERM
Topical Term Phytopathogenic fungi
700 ## - ADDED ENTRY--PERSONAL NAME
Personal name Prell, Hermann H
942 ## - ADDED ENTRY ELEMENTS (KOHA)
Koha item type Books
Holdings
Withdrawn status Lost status Damaged status Not for loan Home library Current library Date acquired Cost, normal purchase price Full call number Accession Number Koha item type
        RRII Library RRII Library 16/12/2021 66.42 581.2 PRE 22201 Books